| 000 | 00663nam a22002057a 4500 | ||
|---|---|---|---|
| 003 | OSt | ||
| 005 | 20251027005722.0 | ||
| 008 | 251027b |||||||| |||| 00| 0 eng d | ||
| 020 | _a978-621-406-3123 | ||
| 040 |
_aDWCL-Main lib _cOC |
||
| 082 | _aFil. 899.211 I61 2021 | ||
| 100 | _aCanasa, Catalina M. | ||
| 245 |
_aIntroduksiyon sa Pag-aaral ng wika (Pandalubhasaan)/ _cCatalina M. Canasa |
||
| 260 |
_aManila: _bMindshapers co. Inc, _cc2021 |
||
| 300 |
_avi, 183 pages : _billustrations ; _c25cm. |
||
| 504 | _aIncludes bibliographical references | ||
| 650 | _a1. Tagalog language | ||
| 700 | _a[AND SEVEN OTHERS] | ||
| 942 |
_2ddc _cBK - FIL _kFil. _n0 |
||
| 999 |
_c5129 _d5129 |
||